000 00811nam a2200229 a 4500
001 39786
003 BD-RjUL
005 20211209053045.0
008 160418r20132000 ||||e |||| 00| 0 d
020 _a9789844014671
_c: TK.300.00
035 _a(BD-RjUL)39899
040 _aBD-RjUL
_bben
_cBD-RjUL
041 _aben
082 _223
_a891.443
_bAZR 2013
100 _aআজাদ, হুমায়ুন
_9121924
245 1 0 _aরাজনীতিবিদগণ /
_cহুমায়ুন আজাদ
260 _aঢাকা :
_bআগামী প্রকাশনী,
_c২০০০ [মুদ্রণ ২০১৩]
300 _a১৪৪ পৃ. ;
_c২২ সেমি.
650 _aবাংলা উপন্যাস
_9122572
650 _aBengali Fiction
_9122573
942 _2ddc
_cBK
_09
999 _c39786
_d39786